000 00324nam a2200133Ia 4500
005 20251222143116.0
008 251222s9999||||xx |||||||||||||| ||spa||
082 _a985.075/W55
100 _aWiener Fresco, Raúl Alfredo
245 0 _aEl Reeleccionista
250 _a1ra.ed.
264 _bImpresiones, S.R.L.
942 _cLIB
999 _c11336
_d11336